1388 1206 1726 1802 1879 1621 1634 1043 1770 1742 1557 1441 1691 1172 1533 1738 1591 1806 1797 1956 1634 1823 1080 1117 1135 1370 1810 1487 1455 1923 1306 1911 1605 1214 1324 1077 1747 1225 1767 1677 1202 1595 1858 1513 1741 1302 1096 1946 1930 1103 1329 1211 1082 1902 1780 1752 1626 1996 1428 1798 1944 1217 1313 1742 1322 1497 1026 1727 1146 1958 1208 1909 1055 1318 1412 1654 1215 1396 1034 1771 1983 1008 1977 1117 1364 1048 1784 1405 1862 1323 1839 1630 1849 1581 1163 1240 1620 1154 1985 BCNSPRNW ULIB Ver.6.0+V

เปลี่ยนเป็นภาษาไทย

Change to English
 แสดงรายละเอียดบรรณานุกรม
  กลับหน้าหลัก

Brief Record : Get Marc (ISO 2709) : E-mail record : QR code < ปิดหน้าต่าง
LEADER : 00000nam 2200000uu 4500
001    13399112998
003     ULIB
008    110921s2549||||th 000 0 tha d
020    9746457691 (ล.1)
050 04 P90^bม246ท ล.1 2549
110 1  มหาวิทยาลัยสุโขทัยธรรมาธิราช
245 10 ประมวลสาระชุดวิชา เทคโนโลยีการจัดการการสื่อสาร หน่วนที่ 1-7=^bTechnology for communication management/^cมหาวิทยาลัยสุโขทัยธรรมาธิราช
246 30 เทคโนโลยีการจัดการการสื่อสาร
246 31 Technology for communication management
250    พิมพ์ครั้งที่ 1
260    นนทบุรี :^bมหาวิทยาลัยสุโขทัยธรรมาธิราช,^c2549
300    2 เล่ม :^bภาพประกอบ
500    ล.1: หน่วยที่ 1-7 -- ล.2: หน่วยที่ 8-15
500    หน่วยที่ 1-15 (แนวการศึกษา)
505 2  ล.1: แนวคิดและทฤษฎีเทคโนโลยีการจัดการการสื่อสาร -- เศรษฐกิจการเมือง และสังคมที่มีผลต่อการจัดการการสื่อสาร -- กฎหมายที่เกี่ยวข้องกับการจัดการการสื่อสาร -- การจัดทำนโยบายและแผนการสื่อสาร -- กิจการการสื่อสารภาครัฐ -- กิจการการสื่อสารภาคเอกชน -- การจัดการการสื่อสารเชิงประยุกต์ -- ล.2:การจัดองค์การและการบริหารทรัพยากรมนุษย์ในองค์การด้านการสื่อสาร -- การจัดการการผลิตงานด้านการสื่อสาร -- การควบคุมการจัดการการสื่อสาร --การจัดการการเงิน วัสดุ อุปกรณ์ในกิจการด้านการสื่อสาร -- การเพิ่มประสิทธิภาพในการจัดการการสื่อสาร -- กลยุทธ์การสื่อสารการตลาดเพื่อการจัดการ -- เทคโนโลยีการสนเทศเพื่อการจัดการ -- การประยุกต์เทคโนโลยีการจัดการการสื่อสารเพื่อการพัฒนาองค์การ
650  7 การสื่อสาร
650  7 เทคโนโลยีการสื่อสาร
650  7 การสื่อสาร^xการจัดการ^xเทคโนโลยีที่เหมาะสม
700 0  ปาริชาต สถาปิตานนท์
710 2  มหาวิทยาลัยสุโขทัยธรรมาธิราช.^bสาขาวิชานิเทศศาสตร์
740 0  Technology for communication management
945    ^p750^l0^i022943
945    ^p750^l0^i022944
945    ^p750^l0^i022945
995    ทศพร
999 ^a ทศพร
รายการนี้ยังไม่มีแท็ก
คุณยังไม่ได้ล็อกอิน คุณสามารถมีกิจกรรมร่วมกับเว็บไซต์ได้ แต่ต้องล็อกอินก่อน ::
  ล็อกอิน

รายการสื่อสารสนเทศ

ลำดับที่ ประเภท เลขเรียก/บาร์โค้ด สถานที่ สถานะ
- ไม่พบข้อมูล -

รายการใกล้เคียง
    หัวเรื่อง [การสื่อสาร]
    หัวเรื่อง [เทคโนโลยีการสื่อสาร]

BibComment


ยังไม่เคยถูกคอมเมนท์

คอมเมนท์ทรัพยากรรายการนี้
  คอมเมนท์: ประมวลสาระชุดวิชา..


 Copyright 2026. Bcnsprnw @Library